000 00605nam a2200217 i 4500
001 19262
003 ES-MaACL
005 20250111062528.0
007 t|
008 020612s2001 sp ||||1| spa d
020 _a84-339-2484-2
080 _a821.134.2(72)-94"19"
100 1 _aPitol, Sergio.
_992416
245 1 3 _aEl viaje /
_cSergio Pitol.
260 _aBarcelona :
_bAnagrama,
_c[2001]
300 _a166 p. ;
_c22 cm.
490 1 _aNarrativas hispánicas ;
_v313
830 0 0 _aNarrativas hispánicas (Anagrama)
_v313
_9178124
852 _aES-MaACL
_jL-25697
_bR.131255
999 _c19262
_d19262